000
00331nam a22001337a 4500
008
250806b |||||||| |||| 00| 0 eng d
020
_a
0314689664
050
_a
HD 58.7
_b
.M53
100
_a
MIDDLEMIST DENNIS R.
245
_a
ORGANIZATION BEHAVIOUR
260
_a
USA
_b
WEST PUBLISHING COMPANY
_c
1988
300
_a
597p.
942
_c
BK
999
_c
4430
_d
4430